Language Quiz

Random Language or German Quiz

Perfect German Words Quiz Stats

 Plays Quiz not verified by Sporcle

Challenge
Share
Tweet
Embed
Score 0/30 Timer 07:00
0 Plays Today
% Correct
Backpfeifengesicht
37%
Frühjahrsmüdigkeit
37%
lebensmüde
36.7%
Ohrwurm
36.3%
Schadenfreude
33.5%
Zeitgeist
31.3%
Drachenfutter
31.3%
Fernweh
27.8%
Dreikäsehoch
27%
Weltschmerz
25.3%
Erklärungsnot
24.9%
Allgemeinbildung
24.9%
Fremdschämen
24.6%
Kummerspeck
22.1%
Vergangenheitsbewältigung
22.1%
% Correct
Luftschloss
20.6%
Torschlusspanik
20.3%
Honigkuchenpferd
20.3%
Handschuhschneeballwerfer
18.9%
Schattenparker
18.5%
Sauregurkenzeit
18.5%
Treppenwitz
17.8%
Eselsbrücke
17.8%
Pantoffelheld
17.8%
Kuddelmuddel
17.4%
Weichei
17.1%
Erbsenzähler
17.1%
Sitzfleisch
16.4%
Zugzwang
16.4%
Vokuhila
13.9%

You're not logged in!

Compare scores with friends on all Sporcle quizzes.
Join for Free
OR
Log In

You Might Also Like...

Show Comments

Extras

Created May 18, 2016ReportFavoriteNominate
Tags:German Quiz

Top Quizzes Today


Score Distribution

Your Account Isn't Verified!

In order to create a playlist on Sporcle, you need to verify the email address you used during registration. Go to your Sporcle Settings to finish the process.

Report this User

Report this user for behavior that violates our Community Guidelines.

Details: